[Event "AUTO-OPEN-3462"]
[Site "http://www.queenalice.com/game.php?id=1351671"]
[Date "2015.4.4"]
[Round "1"]
[White "rubenov"]
[Black "Flick"]
[Result "1-0"]
[WhiteElo "1940"]
[BlackElo "1712"]

1. d4 Nf6 2. c4 g6 3. Nc3 d5 4. c5 Nc6 5. e3 Bg7 6. Nf3 a6 7. a3 Bg4 8. Be2 O-O
9. Nd2 Bxe2 10. Qxe2 Re8 11. O-O b6 12. b4 e5 13. Qd3 e4 14. Qe2 bxc5 15. bxc5
Na5 16. h3 c6 17. Na4 Nd7 18. Bb2 Ra7 19. Bc3 Re6 20. Rab1 Nb7 21. Nb6 Rf6 22.
Nxd7 Qxd7 23. Rb6 Rf5 24. Rfb1 Bf6 25. Rxa6 Nd8 26. Rbb6 h5 27. a4 Rg5 28. Rxa7
Qxa7 29. a5 Qd7 30. f4 exf3 31. Nxf3 Rf5 32. a6 g5 33. Ne5 Bxe5 34. dxe5 h4 35.
Qg4 Kf8 36. Rb8 Ke8 37. Ba5 Rf1+ 38. Kxf1 Qxg4 39. Rxd8+ Ke7 40. hxg4 f6 41.
exf6+ Kxf6 42. Rd6+ Ke5 43. a7 1-0

[Event "AUTO-OPEN-3462"]
[Site "http://www.queenalice.com/game.php?id=1351672"]
[Date "2015.4.4"]
[Round "1"]
[White "Flick"]
[Black "rubenov"]
[Result "1-0"]
[WhiteElo "1662"]
[BlackElo "1964"]

1. d4 d5 2. c4 dxc4 3. e3 Nd7 4. Bxc4 Nb6 5. Bb3 Nf6 6. Nc3 Bg4 7. Nf3 e6 8. e4
Bb4 9. O-O Bxc3 10. bxc3 Nxe4 11. Qd3 Bf5 12. Qe3 c6 13. Ba3 Nd5 14. Bxd5 Qxd5
15. Ng5 Nxg5 16. Qxg5 Bg6 17. Qe7# 1-0

[Event "AUTO-OPEN-3462"]
[Site "http://www.queenalice.com/game.php?id=1351693"]
[Date "2015.4.4"]
[Round "1"]
[White "jalhallib"]
[Black "Flick"]
[Result "1/2-1/2"]
[WhiteElo "2025"]
[BlackElo "1701"]

1. e4 e5 2. Nf3 Nc6 3. d4 exd4 4. Nxd4 Bc5 5. Nxc6 bxc6 6. Qf3 d6 7. Bc4 Nf6 8.
Bg5 Be6 9. Bxe6 fxe6 10. Bxf6 Qxf6 11. c3 O-O 12. Qxf6 Rxf6 13. O-O Raf8 14. b4
Bxf2+ 15. Kh1 Be1 16. Rxf6 Rxf6 17. g3 Rh6 18. Kg2 Rf6 19. Na3 Bxc3 20. Rb1 a6
21. Nc4 Bd4 22. Na5 Rf2+ 23. Kh3 Rxa2 24. Nxc6 Bf6 25. b5 h5 26. b6 cxb6 27.
Rxb6 Ra3 28. Nb8 g5 29. Rxa6 Rb3 30. Nd7 Be7 31. e5 Rb2 32. g4 Rb3+ 33. Kg2 hxg4
34. exd6 Bf8 35. Nf6+ Kf7 36. Nxg4 Rb5 37. Ra7+ Kg6 38. d7 Be7 39. Ra8 Rd5 40.
Ra7 Kh5 41. Ne3 Rd2+ 42. Kg3 g4 43. Nxg4 Bh4+ 44. Kf4 Rd4+ 45. Ke5 Rxg4 46. Kxe6
Bg5 47. Ra5 Rd4 48. Rd5 Rxd5 49. Kxd5 Kg6 50. Kd6 Bd8 51. Kc6 Kf7 52. Kb7 Ke7
53. Kc8 Ba5 54. h4 Kf6 55. d8=Q+ Bxd8 56. Kxd8 Kg6 57. Ke7 Kh5 58. Kf6 Kxh4 59.
Kf5 Kg3 60. Ke4 1/2-1/2

[Event "AUTO-OPEN-3462"]
[Site "http://www.queenalice.com/game.php?id=1351694"]
[Date "2015.4.4"]
[Round "1"]
[White "Flick"]
[Black "jalhallib"]
[Result "0-1"]
[WhiteElo "1705"]
[BlackElo "2006"]

1. d4 d5 2. c4 e6 3. Nc3 Bb4 4. Bd2 Bxc3 5. Bxc3 Nf6 6. Nf3 Nc6 7. b3 O-O 8. e3
Ne4 9. Bb2 h6 10. Ba3 Re8 11. Qc2 a6 12. Bd3 f5 13. O-O Ng5 14. Nxg5 Qxg5 15. f4
Qg6 16. Rf3 Kh7 17. Be2 Rg8 18. Qd1 Bd7 19. Rg3 Qf6 20. b4 Na7 21. Bh5 g5 22. h3
gxf4 23. Rxg8 Rxg8 24. exf4 dxc4 25. Rb1 Nb5 26. Bb2 c3 27. Bc1 Bc6 28. Bf3 Bxf3
29. Qxf3 Nxd4 30. Qf2 Nb5 31. Rb3 Rd8 32. Be3 c6 33. a4 Nd4 34. Rb1 c2 35. Rc1
b5 36. axb5 cxb5 37. Bxd4 Qxd4 38. Rxc2 Qxf2+ 39. Kxf2 Rd4 40. g3 Rxb4 41. Rc7+
Kg6 42. Rc6 Kf6 43. Rxa6 Rb2+ 44. Kf3 b4 45. g4 fxg4+ 46. hxg4 b3 47. Rb6 Rb1
48. f5 b2 49. Rxe6+ Kf7 50. Rb6 Rf1+ 51. Ke4 b1=Q+ 52. Rxb1 Rxb1 53. Ke5 Rb5+
54. Kf4 Kf6 55. Ke4 Rb4+ 56. Kf3 Kg5 0-1

[Event "AUTO-OPEN-3462"]
[Site "http://www.queenalice.com/game.php?id=1351705"]
[Date "2015.4.4"]
[Round "1"]
[White "ACamargo"]
[Black "Flick"]
[Result "1-0"]
[WhiteElo "1882"]
[BlackElo "1723"]

1. d4 Nf6 2. c4 g6 3. Nc3 d5 4. e3 Bg7 5. h3 O-O 6. Nf3 Nc6 7. a3 a5 8. Bd2 Bf5
9. Be2 Re8 10. O-O e6 11. c5 e5 12. dxe5 Nxe5 13. Nxe5 Rxe5 14. Rc1 c6 15. Na4
d4 16. Re1 Ne4 17. exd4 Rd5 18. Be3 Ng5 19. Nb6 Ra7 20. Nxd5 cxd5 21. b4 Bh6 22.
h4 Nh3+ 23. gxh3 Bxe3 24. fxe3 Qxh4 25. Bg4 Qg3+ 26. Kf1 Be4 27. Qd2 h5 28. Bd7
f5 29. Qf2 Bd3+ 30. Re2 Qxh3+ 31. Ke1 Bxe2 32. Kxe2 axb4 33. a4 Kf8 34. Rg1 Ke7
35. Bb5 Ra8 36. Kd2 Kf6 37. Kc2 Rd8 38. Kb3 Rf8 39. Kxb4 g5 40. Bd7 Ke7 41. Bb5
Qh4 42. Qg2 Ke6 43. c6 bxc6 44. Bxc6 g4 45. Qxd5+ Kf6 46. Qe5+ Kg6 47. Be8+ Kh6
48. Qf4+ Kh7 49. Qc7+ Kg8 50. Bb5 Qf6 51. Bc4+ Kh8 52. Qe5 Qg7 53. Qxg7+ Kxg7
54. a5 Kf6 55. a6 Ra8 56. Ka5 Ke7 57. Kb6 1-0

[Event "AUTO-OPEN-3462"]
[Site "http://www.queenalice.com/game.php?id=1351706"]
[Date "2015.4.4"]
[Round "1"]
[White "Flick"]
[Black "ACamargo"]
[Result "0-1"]
[WhiteElo "1709"]
[BlackElo "1947"]

1. d4 d5 2. c4 e6 3. Nc3 c5 4. Bf4 a6 5. Nf3 Nc6 6. e3 Nf6 7. Bd3 h6 8. Ne5 cxd4
9. Nxc6 bxc6 10. O-O dxc3 11. bxc3 Bc5 12. cxd5 exd5 13. Be5 O-O 14. Bxf6 Qxf6
15. Qc2 g6 16. c4 dxc4 17. Qxc4 Bd6 18. g3 Bh3 19. Rfd1 Be7 20. Be2 c5 21. f4
Qc6 22. e4 Rfd8 23. Bf3 Rxd1+ 24. Rxd1 Rb8 25. Qc3 Qa4 26. a3 Qb3 27. Rd3 Qxc3
28. Rxc3 Rb1+ 29. Kf2 Rb2+ 30. Be2 Bg4 31. Re3 c4 32. Ke1 Bxe2 33. Rxe2 c3 34.
Kd1 Bxa3 35. Rc2 Rb1+ 36. Ke2 Bb2 37. Kd3 a5 0-1

[Event "AUTO-INT-2981"]
[Site "http://www.queenalice.com/game.php?id=1351843"]
[Date "2015.4.5"]
[Round "1"]
[White "LuisGabriel_HD"]
[Black "Flick"]
[Result "0-1"]
[WhiteElo "1863"]
[BlackElo "1734"]

1. e4 c5 2. Nf3 d6 3. d4 cxd4 4. Qxd4 Nc6 5. Qa4 Bd7 6. Bb5 Nf6 7. Nc3 e5 8. Bg5
h6 9. Bxf6 gxf6 10. Nd5 a6 11. Bxc6 Bxc6 12. Qb3 Bg7 13. O-O-O b5 14. Rd2 a5 15.
Rhd1 O-O 16. Nxf6+ Bxf6 17. Rxd6 Bg5+ 18. Nxg5 Qxg5+ 19. Kb1 Bxe4 20. g3 Rac8
21. R1d2 Rcd8 22. Qxb5 Ra8 23. Re2 Rad8 24. Rxd8 Rxd8 25. b3 Qg4 26. Qc4 Rd4 27.
Qb5 Rd8 28. Re3 Qd1+ 29. Kb2 Qxc2+ 30. Ka3 Qc1+ 31. Ka4 Rd4+ 32. b4 Rxb4+ 33.
Qxb4 axb4 34. Kxb4 Bd5 35. h4 Qb2+ 36. Kc5 Qxf2 37. Kxd5 Qxe3 38. a4 Qd4+ 39.
Kc6 e4 40. a5 e3 41. a6 e2 42. Kb7 e1=Q 43. a7 Qb1+ 44. Kc6 Qbb6# 0-1

[Event "AUTO-INT-2981"]
[Site "http://www.queenalice.com/game.php?id=1351844"]
[Date "2015.4.5"]
[Round "1"]
[White "Flick"]
[Black "LuisGabriel_HD"]
[Result "1-0"]
[WhiteElo "1713"]
[BlackElo "1832"]

1. e4 e5 2. Nf3 Nc6 3. Bc4 Nf6 4. d3 h6 5. Nc3 Bb4 6. Bd2 d6 7. O-O O-O 8. a3
Bxc3 9. Bxc3 Re8 10. Bb5 Nh5 11. Bd2 Qf6 12. Bxc6 bxc6 13. g3 Bg4 14. Kg2 Nf4+
15. gxf4 exf4 16. Bc3 Qg6 17. h3 Bxf3+ 18. Kxf3 d5 19. Rg1 Qh5+ 20. Kxf4 g5+ 21.
Kg3 Qh4+ 22. Kh2 Qxf2+ 23. Rg2 Qf4+ 24. Kh1 dxe4 25. Qh5 Kh7 26. Kg1 Qe3+ 27.
Rf2 exd3 28. Qxf7# 1-0

[Event "AUTO-INT-2981"]
[Site "http://www.queenalice.com/game.php?id=1351863"]
[Date "2015.4.5"]
[Round "1"]
[White "Flick"]
[Black "zmanomega"]
[Result "1-0"]
[WhiteElo "1714"]
[BlackElo "1534"]

1. e4 Nf6 2. e5 Nd5 3. d4 e6 4. Nf3 Bb4+ 5. c3 Be7 6. Bc4 h6 7. b3 d6 8. exd6
Bxd6 9. Qc2 Qe7 10. Ne5 Qf6 11. Bxd5 exd5 12. Qe2 Bxe5 13. dxe5 Qg6 14. O-O Be6
15. f3 Nd7 16. Kh1 O-O-O 17. f4 Bf5 18. Na3 h5 19. Nb5 Kb8 20. Rf3 Bg4 21. Qe3
Bxf3 22. Qxf3 c6 23. Nd6 f5 24. Qd3 h4 25. Qxf5 Qxf5 26. Nxf5 g6 27. Nd6 Nc5 28.
Nf7 d4 29. Nxh8 Rxh8 30. cxd4 Nd3 31. Be3 Rg8 32. Rd1 Nb4 33. Rd2 Nd5 34. Bf2
Rh8 35. g3 hxg3 36. Bxg3 Rf8 37. Kg1 Nxf4 38. Bxf4 Rxf4 39. b4 g5 40. Kg2 g4 41.
Kg3 Re4 42. h3 gxh3 43. Kxh3 b5 44. Kg3 Kb7 45. Kf3 Re1 46. Kf4 Rb1 47. a3 Ra1
48. Rd3 Rf1+ 49. Kg5 Kc7 50. Re3 Kd7 51. Rc3 Rg1+ 52. Kf6 Rf1+ 53. Kg5 Ke6 54.
Rxc6+ Kd5 55. Rd6+ Ke4 56. e6 Rf5+ 57. Kg6 Rf3 58. e7 Rg3+ 59. Kf7 Rf3+ 60. Ke8
1-0

[Event "AUTO-INT-2981"]
[Site "http://www.queenalice.com/game.php?id=1351864"]
[Date "2015.4.5"]
[Round "1"]
[White "zmanomega"]
[Black "Flick"]
[Result "0-1"]
[WhiteElo "1525"]
[BlackElo "1703"]

1. d4 Nf6 2. e3 d5 3. Bb5+ Bd7 4. Bxd7+ Qxd7 5. Nc3 Nc6 6. h3 e5 7. Nf3 e4 8.
Ng5 Be7 9. h4 h6 10. Nh3 a6 11. Ne2 Qg4 12. g3 Qf3 13. Kd2 Na5 14. b3 b5 15. Rf1
Qf5 16. Nhf4 Qc8 17. Bb2 c5 18. c3 b4 19. cxb4 cxb4 20. h5 Nc6 21. f3 exf3 22.
Rxf3 g5 23. Ng2 Qg4 24. Qf1 Qxh5 25. Kc2 g4 26. Rxf6 Rc8 27. Rf2 Qg6+ 28. Kd2
O-O 29. Nef4 Qg5 30. Qxa6 Qf5 31. Rc1 Qf6 32. Rcf1 Ra8 33. Qd3 Rxa2 34. Qc2 Nxd4
35. exd4 Qa6 36. Ng6 Bg5+ 37. N2f4 fxg6 38. Re1 h5 39. Kd1 Ra1+ 40. Bxa1 Qxa1+
41. Ke2 Re8+ 42. Kd2 Qxe1+ 0-1

[Event "AUTO-ADV-3484"]
[Site "http://www.queenalice.com/game.php?id=1379984"]
[Date "2015.8.27"]
[Round "1"]
[White "Fredov"]
[Black "Flick"]
[Result "1-0"]
[WhiteElo "1956"]
[BlackElo "1717"]

1. e4 e5 2. Nf3 Nc6 3. Bb5 a6 4. Ba4 b5 5. Bb3 Be7 6. O-O d6 7. Bd5 Bb7 8. c3
Nf6 9. Qb3 Nxd5 10. Qxd5 Na5 11. Qd3 O-O 12. Qe2 1-0

[Event "AUTO-ADV-3484"]
[Site "http://www.queenalice.com/game.php?id=1379985"]
[Date "2015.8.27"]
[Round "1"]
[White "Flick"]
[Black "Fredov"]
[Result "0-1"]
[WhiteElo "1724"]
[BlackElo "1949"]

1. d4 Nf6 2. c4 g6 3. Nc3 d5 4. Bf4 Bg7 5. Nf3 O-O 6. e3 c5 7. Bd3 Nc6 8. Ne5
Qb6 9. b3 cxd4 10. Na4 Qa5+ 11. Ke2 Ne4 12. Bxe4 dxe4 13. Nxc6 bxc6 0-1